<?xml version="1.0" encoding="UTF-8"?>
<marc:record xmlns:marc="http://www.loc.gov/MARC21/slim">
   <marc:leader>00000nam a2200000 a 4500</marc:leader>
   <marc:datafield ind1="1" ind2=" " tag="100">
      <marc:subfield code="a">Koppelstätter, Lenz</marc:subfield>
      <marc:subfield code="4">aut</marc:subfield>
      <marc:subfield code="e">Verfasser/-in</marc:subfield>
   </marc:datafield>
   <marc:datafield ind1=" " ind2=" " tag="653">
      <marc:subfield code="a">Fiktionale Darstellung</marc:subfield>
   </marc:datafield>
   <marc:datafield ind1=" " ind2=" " tag="653">
      <marc:subfield code="a">Krimis, Thriller, Spionage</marc:subfield>
   </marc:datafield>
   <marc:datafield ind1="0" ind2="0" tag="245">
      <marc:subfield code="a">Die Stille der Lärchen</marc:subfield>
   </marc:datafield>
   <marc:datafield ind1="0" ind2="0" tag="245">
      <marc:subfield code="b">ein Fall für Commissario Grauner</marc:subfield>
   </marc:datafield>
   <marc:datafield ind1="0" ind2="0" tag="245">
      <marc:subfield code="c">Koppelstätter, Lenz</marc:subfield>
   </marc:datafield>
   <marc:datafield ind1=" " ind2="1" tag="264">
      <marc:subfield code="a">Köln</marc:subfield>
      <marc:subfield code="b">Kiepenheuer &amp; Witsch</marc:subfield>
      <marc:subfield code="c">2016</marc:subfield>
   </marc:datafield>
   <marc:datafield ind1="1" ind2=" " tag="490">
      <marc:subfield code="a">KiWi</marc:subfield>
      <marc:subfield code="v">1516</marc:subfield>
   </marc:datafield>
   <marc:datafield ind1=" " ind2=" " tag="250">
      <marc:subfield code="a">Originalausgabe, 1. Auflage</marc:subfield>
   </marc:datafield>
   <marc:datafield ind1="1" ind2=" " tag="520">
      <marc:subfield code="a">Angaben aus der Verlagsmeldung &#xD;
&#xD;
 &#xD;
&#xD;
  Die Stille der Lärchen : Ein Fall für Commissario Grauner / von Lenz Koppelstätter &#xD;
&#xD;
 &#xD;
Südtiroler Charme und ein hochspannender Fall aus einem Tal, das einst berühmte Schriftsteller beherbergte&#xD;
Am Rande eines 200-Seelen-Dorfes wird an einem Frühlingsmorgen die Leiche eines Mädchens entdeckt. Blutüberströmt liegt sie bei den Urlärchen von St. Gertraud, die jedes Kind in Südtirol kennt. Generationen lang haben die Bäume allem getrotzt, Wind, Wetter und den Menschen; unter ihren Wurzeln soll sich der Eingang zur Hölle befinden. In ihrem neuen Fall ermitteln Grauner und Saltapepe im Ultental, dessen Bewohner schweigsam, stolz und gottesfürchtig sind. Erstaunlich schnell ist ein Geständiger gefunden: Haller, ein zugezogener Architekt. Die Dorfgemeinschaft aber sagt: Haller deckt nur seinen Sohn Michl, der seltsam ist und niemandem geheuer. Und auch Grauner ahnt, dass alles komplizierter ist. Zumal unweit des Tatorts altertümlich anmutende Schriftstücke gefunden werden. Sie könnten aus den verschollenen Tagebüchern eines berühmten Gastes der Ultentaler Heilbäder stammen. Und sie berichten von einem kaltblütigen Mord, der vor über hundert Jahren geschah. Einem Mord, der das Dorf bis heute umtreibt.</marc:subfield>
   </marc:datafield>
   <marc:datafield ind1=" " ind2=" " tag="020">
      <marc:subfield code="a">9783462047349</marc:subfield>
      <marc:subfield code="9">9783462047349</marc:subfield>
   </marc:datafield>
   <marc:datafield ind1=" " ind2=" " tag="020">
      <marc:subfield code="a">3462047345</marc:subfield>
      <marc:subfield code="9">3462047345</marc:subfield>
   </marc:datafield>
   <marc:datafield ind1=" " ind2=" " tag="041">
      <marc:subfield code="a">ger</marc:subfield>
   </marc:datafield>
   <marc:datafield ind1="0" ind2=" " tag="490">
      <marc:subfield code="v">1516</marc:subfield>
   </marc:datafield>
   <marc:datafield ind1=" " ind2=" " tag="338">
      <marc:subfield code="a">Band</marc:subfield>
   </marc:datafield>
   <marc:datafield ind1=" " ind2=" " tag="300">
      <marc:subfield code="a">303 Seiten</marc:subfield>
   </marc:datafield>
</marc:record>
